00845cam a2200253 a 4500001000500000005001700005020001800022040002300040050002300063082000800086100003100094245007200125250004500197260003500242300005700277505000800334520010200342521002000444521002000464650002600484650002500510650002200535700003400557312920240208084348.0 a9780545117500 aDLCcDLCdDLCbeng00aPZ7.C446265b 200700a4641 aCholdenko, Genniferd1957-10aLouder, Lili /cGennifer, Choldenko : illustrated by Schindler, S.D aFirst Scholastic printing , October 2008 aNew York :bScholastic ;c2007 a30 unnumbered pages :bcolor illustrations ;c23 cm. aK  aLili is so shy that her voice is never heard in class until the day a good friend needs her help. a520 bLexile  aK bRaz-Plus  1aBashfulnessvFiction. 1aFriendshipvFiction. 1aSchoolsvFiction.1 aSchindler, S. Deillustrator